Financial Accounting Theory. (Record no. 3180)

MARC details
005 - DATE AND TIME OF LATEST TRANSACTION
control field 20250628064723.0
020 ## - INTERNATIONAL STANDARD BOOK NUMBER
International Standard Book Number 0-13-065577-5
082 ## - DEWEY DECIMAL CLASSIFICATION NUMBER
Classification number TEA. LECT 657.48 SCO
100 ## - MAIN ENTRY--PERSONAL NAME
Author name SCOTT, W. R.
245 ## - TITLE STATEMENT
Title Financial Accounting Theory.
250 ## - EDITION STATEMENT
Edition statement 3rd Ed
260 ## - PUBLICATION, DISTRIBUTION, ETC.
Place of publication, distribution, etc. Toronto,
Name of publisher, distributor, etc. Prentice-Hall,
Date of publication, distribution, etc. 2003.
300 ## - PHYSICAL DESCRIPTION
Extent xiii, 509p.: ill.; figure, table
Other physical details Bibliography & Index
Dimensions 23cm
856 ## - ELECTRONIC LOCATION AND ACCESS
Link text Access Online Book
Electronic name Accounting
Path www.pearsoned.ca
942 ## - ADDED ENTRY ELEMENTS (KOHA)
Source of classification or shelving scheme Dewey Decimal Classification
Koha item type Books
Holdings
Date last seen Total checkouts Full call number Barcode Cost, replacement price Price effective from Koha item type Lost status Source of classification or shelving scheme Damaged status Not for loan Withdrawn status Home library Current library Shelving location Date acquired Cost, normal purchase price
06/28/2025   657.046 SCO DOM0001892 641985.00 06/27/2025 Books   Dewey Decimal Classification       CBE Dodoma CBE Dodoma General Collection 05/06/2006 213995.00
06/28/2025   657.046 SCO DOM000276 641985.00 06/27/2025 Books   Dewey Decimal Classification       CBE Dodoma CBE Dodoma General Collection 05/06/2006 213995.00
06/05/2025   TEA. LECT 657.48 SCO 00000011124 641985.00 06/05/2025 Books   Dewey Decimal Classification       College of Business Education Main Library College of Business Education Main Library General Collection 04/22/2005 213995.00
06/05/2025   TEA. LECT 657.48 SCO 00000011125 641985.00 06/05/2025 Books   Dewey Decimal Classification       College of Business Education Main Library College of Business Education Main Library General Collection 04/22/2005 213995.00
06/05/2025   TEA. LECT 657.48 SCO 00000011126 641985.00 06/05/2025 Books   Dewey Decimal Classification       College of Business Education Main Library College of Business Education Main Library General Collection 04/22/2005 213995.00